000 00260nam a2200097Ia 4500
001 767352
005 20250826165358.0
008 250824s9999 xx 000 0 und d
245 0 _aSEVGİ ÇİÇEĞİM KİTAP KUŞUM
_cDURAN ÇETİN
260 _bKAYALIPARK YAYINLARI
999 _c767352
_d767352